000 00331nam a2200145Ia 4500
005 20251222153618.0
008 251222s9999||||xx |||||||||||||| ||spa||
020 _a8486478693
082 _a791.437.2/M12
100 _aMcCourt, Frank
245 0 _aLas Cenizas de Ángela
250 _a31ra. ed.
264 _bMeva
942 _cLIB
999 _c31882
_d31882